[Event "Kuala Lumpur UM KPT op"]
[Site "Kuala Lumpur"]
[Date "2016.12.17"]
[Round "4"]
[White "Ngiu, Syuen"]
[Black "Mohd Fathil, Muhd Farid"]
[Result "1/2-1/2"]
[WhiteElo "1340"]
[BlackElo "1210"]
[PlyCount "49"]
[EventDate "2016.12.16"]
[EventType "swiss"]
[EventRounds "9"]
[EventCountry "MAS"]
[SourceTitle "CBM 176 Extra"]
[Source "ChessBase"]
[SourceDate "2017.03.02"]
[SourceVersion "1"]
[SourceVersionDate "2017.03.02"]
[SourceQuality "1"]

1. d4 d5 2. c4 Nf6 3. cxd5 Nxd5 4. e4 Nb6 5. Nc3 e6 6. Nf3 Bb4 7. Bg5 f6 8. Bf4 Bd7 9. Bd3 Nc6 10. 0-0 Bxc3 11. bxc3 Ne7 12. c4 Ng6 13. Bg3 0-0 14. e5 f5 15. Qb3 f4 16. Qc2 fxg3 17. hxg3 Be8 18. Rad1 Ba4 19. Qb1 Bxd1 20. Rxd1 Qe8 21. Kh2 Rb8 22. Rh1 c6 23. Kg1 Nc8 24. Ng5 Qe7 25. Nxh7 1/2-1/2